Cross cultural management : Its fundamentals and dynamics

Guardado en:
Detalles Bibliográficos
Autor principal: Mizutani, Eiji
Formato: Libro
Lenguaje:Undetermined
Publicado: Tokyo International Leadership Development Institute 1984
Materias:
Etiquetas: Agregar Etiqueta
Sin Etiquetas, Sea el primero en etiquetar este registro!
Thư viện lưu trữ: Trung tâm Học liệu Trường Đại học Cần Thơ
LEADER 00657nam a2200205Ia 4500
001 CTU_97736
008 210402s9999 xx 000 0 und d
082 |a 658.3 
082 |b M685 
100 |a Mizutani, Eiji 
245 0 |a Cross cultural management : 
245 0 |b Its fundamentals and dynamics 
245 0 |c Eiji Mizutani 
260 |a Tokyo 
260 |b International Leadership Development Institute 
260 |c 1984 
650 |a Management,International business enterprises 
650 |x Cross cultural studies,Periodicals,Management,Social aspects,Periodicals 
904 |i Giang 
980 |a Trung tâm Học liệu Trường Đại học Cần Thơ